Killing with kindness : (Record no. 8295)

MARC details
000 -LEADER
fixed length control field 00597nam a22001577a 4500
008 - FIXED-LENGTH DATA ELEMENTS--GENERAL INFORMATION
fixed length control field 190814b ||||| |||| 00| 0 eng d
020 ## - INTERNATIONAL STANDARD BOOK NUMBER
International Standard Book Number 9780813553634
082 ## - DEWEY DECIMAL CLASSIFICATION NUMBER
Classification number 305 SCH
100 ## - MAIN ENTRY--PERSONAL NAME
Personal name Schuller, Mark.
245 ## - TITLE STATEMENT
Title Killing with kindness :
Remainder of title Haiti, international aid, and NGOs
260 ## - PUBLICATION, DISTRIBUTION, ETC.
Place of publication, distribution, etc. New Brunswick, N.J. :
Name of publisher, distributor, etc. Rutgers University Press,
Date of publication, distribution, etc. 2012.
300 ## - PHYSICAL DESCRIPTION
Extent xvi, 233 p. :
Other physical details ill. ;
Dimensions 23 cm.
500 ## - GENERAL NOTE
General note Includes bibliographical references and index.
650 ## - SUBJECT ADDED ENTRY--TOPICAL TERM
Topical term or geographic name entry element Social medicine--Haiti. AIDS (Disease)--Haiti--International cooperation. Nonprofit organizations--Haiti.
942 ## - Added entry Elements (Koha)
Source of classification or shelving scheme Dewey Decimal Classification
Holdings
Withdrawn status Lost status Source of classification or shelving scheme Damaged status Not for loan Collection code Home library Current library Shelving location Date acquired Serial Enumeration / chronology Total Checkouts Total Renewals Full call number Barcode Date last seen Date last checked out Price effective from Koha item type
    Dewey Decimal Classification     Main TEST RTC Library RTC Library Main opac 14/08/2019 14240 7 7 305 SCH 30014544 03/10/2022 18/08/2022 14/08/2019 Main
Royal Thimphu College || All Right Reserved